|
|
|
|
| LEADER |
00000nam2a2200000 4500 |
| 001 |
181667 |
| 005 |
20231101223634.0 |
| 010 |
|
|
|b 350 экз.
|
| 035 |
|
|
|a (RuTPU)RU\TPU\book\196934
|
| 090 |
|
|
|a 181667
|
| 100 |
|
|
|a 20100609d1927 k y0rusy50 ca
|
| 101 |
0 |
|
|a rus
|
| 102 |
|
|
|a RU
|
| 105 |
|
|
|a abf z 000zy
|
| 200 |
0 |
|
|a Т. 48, вып. 3 : Усольское месторождение каменной соли в Иркутской губернии
|f М. К. Коровин
|
| 210 |
|
|
|a Томск
|c Типо-литография Томской железной дороги
|d 1927
|
| 215 |
|
|
|a 70 с.
|c карта
|
| 316 |
|
|
|5 63413507: КР-2639
|a С автографом автора. На обложке надпись: "Дорогому Михаилу Антоновичу. М. Коровин".
|
| 317 |
|
|
|5 63413507: КР-2639
|a Поступила в НТБ в 1940 г. в составе книжного собрания академика Михаила Антоновича Усова.
|
| 452 |
|
1 |
|0 (RuTPU)RU\TPU\book\196915
|t Усольское месторождение каменной соли в Иркутской губернии
|f М. К. Коровин
|a Коровин, Михаил Калинникович
|
| 461 |
|
1 |
|0 (RuTPU)RU\TPU\book\196876
|t Известия Сибирского Технологического Института [Известия СТИ]
|f Сибирский технологический институт (СТИ)
|v Т. 48, вып. 3 : Усольское месторождение каменной соли в Иркутской губернии
|d 1927-1930
|
| 606 |
1 |
|
|a Соляные месторождения
|2 stltpush
|3 (RuTPU)RU\TPU\subj\55533
|9 73550
|
| 610 |
1 |
|
|a научные исследования
|
| 610 |
1 |
|
|a каменная соль
|
| 610 |
1 |
|
|a месторождения
|
| 610 |
1 |
|
|a Иркутская губерния
|
| 610 |
1 |
|
|a труды учёных ТПУ
|
| 610 |
1 |
|
|a библиотека М. А. Усова
|
| 610 |
1 |
|
|a дарственная надпись
|
| 610 |
1 |
|
|a дары автора
|
| 675 |
|
|
|a 553.63
|v 3
|
| 700 |
|
1 |
|a Коровин
|b М. К.
|c российский геолог
|c профессор Томского технологического института
|f 1883-1956
|g Михаил Калинникович
|2 stltpush
|3 (RuTPU)RU\TPU\pers\13856
|
| 801 |
|
1 |
|a RU
|b 63413507
|c 20100609
|
| 801 |
|
2 |
|a RU
|b 63413507
|c 20170324
|g RCR
|
| 942 |
|
|
|c BK
|